Statistics for Horse Breeds by Picture

Click here to take the quiz!

General Stats

  • This quiz has been taken 450 times
  • The average score is 6 of 16

Answer Stats

Answer% Correct
Appaloosa
82%
Arab
81%
Shire
78%
Thoroughbred
65%
Clydesdale
59%
Shetland
56%
Gypsy Cob
55%
Akhal Teke
27%
Exmoor
26%
Warmblood
26%
Tennessee Walking Horse
25%
Przewalski's Horse
18%
Welsh Cob
14%
Connemara
13%
Irish Draft
11%
Highland
10%

Score Distribution

Percentile by Number Answered

Percent of People with Each Score

Your Score History

You have not taken this quiz